[Event "Monarch Assurance Isle of Man 16th"]
[Site "Port Erin"]
[Date "2007.09.25"]
[Round "4.31"]
[White "Yeo, Michael J"]
[Black "Mueller, Matthias"]
[Result "0-1"]
[WhiteElo "2153"]
[BlackElo "2405"]
[PlyCount "102"]
[EventDate "2007.09.22"]
[EventType "swiss"]
[EventRounds "9"]
[EventCountry "IOM"]

1. e4 e5 2. Nf3 Nc6 3. Bb5 a6 4. Bxc6 dxc6 5. O-O f6 6. d4 Bg4 7. c3 Bd6 8. Be3
Ne7 9. Nbd2 Qd7 10. h3 Be6 11. dxe5 fxe5 12. Ng5 Bg8 13. Qh5+ Ng6 14. Rfd1
O-O-O 15. b4 Qe8 16. Qe2 h6 17. Ngf3 Be6 18. a4 Rf8 19. Rdb1 Nf4 20. Bxf4 Rxf4
21. b5 a5 22. Nc4 Bxc4 23. Qxc4 c5 24. b6 Qg6 25. Nd2 Be7 26. Qe2 cxb6 27. f3
Rf6 28. Nc4 Re6 29. Qb2 Kc7 30. Nxa5 Rd3 31. Nc4 Rxf3 32. Nxb6 Qxe4 33. Re1 Qc6
34. gxf3 Rg6+ 35. Kh2 Qxf3 36. Rg1 Qf4+ 37. Kh1 Qf3+ 38. Kh2 Qf4+ 39. Kh1 Qe4+
40. Rg2 Rxb6 41. Qe2 Qxe2 42. Rxe2 Bf6 43. Kg2 Rb3 44. Re3 Kc6 45. Kf3 Bg5 46.
Rxe5 Rxc3+ 47. Kg4 Rc4+ 48. Kf5 Rf4+ 49. Kg6 Bf6 50. Re6+ Kd5 51. Rae1 Rxa4 0-1

[Event "Monarch Assurance Isle of Man 16th"]
[Site "Port Erin"]
[Date "2007.09.25"]
[Round "4.32"]
[White "Adams, Phil"]
[Black "Mannion, Stephen R"]
[Result "1/2-1/2"]
[WhiteElo "2144"]
[BlackElo "2359"]
[PlyCount "36"]
[EventDate "2007.09.22"]
[EventType "swiss"]
[EventRounds "9"]
[EventCountry "IOM"]

1. Nf3 d5 2. d4 Nf6 3. c4 dxc4 4. e3 e6 5. Bxc4 c5 6. O-O a6 7. dxc5 Qxd1 8.
Rxd1 Bxc5 9. Nbd2 O-O 10. Nb3 Be7 11. Bd2 Nbd7 12. Rac1 b5 13. Be2 Bb7 14. Na5
Bd5 15. Nc6 Bc5 16. Bb4 Bxc6 17. Bxc5 Nxc5 18. Rxc5 Bd5 1/2-1/2

[Event "Monarch Assurance Isle of Man 16th"]
[Site "Port Erin"]
[Date "2007.09.25"]
[Round "4.33"]
[White "Ly, Moulthun"]
[Black "Fraser-Mitchell, Jeremy"]
[Result "1-0"]
[WhiteElo "2295"]
[BlackElo "2097"]
[PlyCount "45"]
[EventDate "2007.09.22"]
[EventType "swiss"]
[EventRounds "9"]
[EventCountry "IOM"]

1. e4 e6 2. d4 d5 3. Nd2 Nf6 4. e5 Nfd7 5. f4 c5 6. c3 Nc6 7. Ndf3 Qa5 8. a3
Be7 9. Rb1 Nxd4 10. Nxd4 cxd4 11. b4 Qc7 12. cxd4 Nb6 13. Nf3 Bd7 14. Bd3 Ba4
15. Qe2 Rc8 16. O-O O-O 17. f5 Bc2 18. f6 gxf6 19. Bh6 Bxb1 20. Bxb1 Qc3 21.
Qf2 Kh8 22. Qh4 Rg8 23. exf6 1-0

[Event "Monarch Assurance Isle of Man 16th"]
[Site "Port Erin"]
[Date "2007.09.25"]
[Round "4.34"]
[White "Waters, Michael"]
[Black "Nelson, Jonathan P"]
[Result "1/2-1/2"]
[WhiteElo "2096"]
[BlackElo "2282"]
[PlyCount "28"]
[EventDate "2007.09.22"]
[EventType "swiss"]
[EventRounds "9"]
[EventCountry "IOM"]

1. e4 d6 2. Nc3 Nf6 3. Bc4 c6 4. d3 d5 5. Bb3 dxe4 6. Nxe4 Nxe4 7. dxe4 Qxd1+
8. Kxd1 Nd7 9. Be3 e6 10. f3 Bc5 11. Ke2 e5 12. Rd1 Bxe3 13. Kxe3 Nc5 14. Bc4
Be6 1/2-1/2

[Event "Monarch Assurance Isle of Man 16th"]
[Site "Port Erin"]
[Date "2007.09.25"]
[Round "4.35"]
[White "Bannink, Bernard"]
[Black "Fairbairn, Stephen"]
[Result "1-0"]
[WhiteElo "2271"]
[BlackElo "2091"]
[PlyCount "115"]
[EventDate "2007.09.22"]
[EventType "swiss"]
[EventRounds "9"]
[EventCountry "IOM"]

1. Nf3 d6 2. d4 Nf6 3. c4 Nbd7 4. Nc3 e5 5. Bg5 Be7 6. e3 O-O 7. Bd3 c6 8. Qc2
exd4 9. Nxd4 h6 10. Bh4 Nc5 11. Bf5 Ne6 12. O-O Nxd4 13. exd4 d5 14. Bxf6 Bxf6
15. cxd5 cxd5 16. Rad1 Qa5 17. Rfe1 Rd8 18. b4 Bxf5 19. Qxf5 Qxb4 20. Nxd5 Qd6
21. Nxf6+ Qxf6 22. Qxf6 gxf6 23. Re7 b5 24. f3 a5 25. Kf2 b4 26. Rb7 Rdb8 27.
Rxb8+ Rxb8 28. Rc1 a4 29. Ke3 b3 30. axb3 Rxb3+ 31. Ke4 a3 32. Rc8+ Kg7 33. Ra8
Kg6 34. g4 h5 35. gxh5+ Kxh5 36. d5 f5+ 37. Kxf5 Rxf3+ 38. Ke4 Rf2 39. Rxa3
Rxh2 40. d6 Kg5 41. d7 f5+ 42. Kd4 Rh8 43. Ke5 f4 44. Ra1 Rd8 45. Rg1+ Kh5 46.
Kf5 Rf8+ 47. Ke6 f3 48. Ke7 Ra8 49. Rg3 f2 50. Rf3 Ra1 51. Rxf2 Re1+ 52. Kd8
Kg6 53. Rf8 Kg7 54. Re8 Rc1 55. Ke7 Re1+ 56. Kd6 Rd1+ 57. Ke6 Re1+ 58. Kf5 1-0

[Event "Monarch Assurance Isle of Man 16th"]
[Site "Port Erin"]
[Date "2007.09.25"]
[Round "4.37"]
[White "Marks, Ian A"]
[Black "Grant, Alan"]
[Result "1/2-1/2"]
[WhiteElo "1914"]
[BlackElo "2223"]
[PlyCount "48"]
[EventDate "2007.09.22"]
[EventType "swiss"]
[EventRounds "9"]
[EventCountry "IOM"]

1. c4 Nf6 2. Nc3 e6 3. Nf3 Bb4 4. Qc2 c5 5. g3 Nc6 6. Bg2 O-O 7. O-O Qe7 8. b3
d6 9. Bb2 Bd7 10. Rad1 e5 11. e3 h6 12. d4 e4 13. Nd2 Bg4 14. Rc1 Bxc3 15. Qxc3
Bf5 16. a3 Rfe8 17. Rfe1 a5 18. Rcd1 Rac8 19. dxc5 dxc5 20. Nb1 Qf8 21. Qc2 Ne5
22. Bxe5 Rxe5 23. Nc3 Ree8 24. Nd5 Nxd5 1/2-1/2

[Event "Monarch Assurance Isle of Man 16th"]
[Site "Port Erin"]
[Date "2007.09.25"]
[Round "4.38"]
[White "Goodger, Martyn"]
[Black "Egozi, Nadav"]
[Result "0-1"]
[WhiteElo "2093"]
[BlackElo "2205"]
[PlyCount "156"]
[EventDate "2007.09.22"]
[EventType "swiss"]
[EventRounds "9"]
[EventCountry "IOM"]

1. e4 c5 2. Nf3 d6 3. Bc4 Nf6 4. d3 g6 5. O-O Bg7 6. a3 Nc6 7. h3 O-O 8. Nc3
Rb8 9. Ba2 b5 10. Bg5 a5 11. Qd2 b4 12. axb4 axb4 13. Ne2 Na5 14. Bh6 b3 15.
Bxg7 Kxg7 16. Bb1 bxc2 17. Rxa5 cxb1=Q 18. Rxb1 e5 19. Qc3 Rb4 20. Ra8 Qb6 21.
Nd2 Qb7 22. Ra3 Qb5 23. f3 Be6 24. b3 Rb8 25. Kh2 Ng8 26. Nf4 Bd7 27. Nd5 Rd4
28. b4 cxb4 29. Qc7 Qc6 30. Rab3 Qxc7 31. Nxc7 Ba4 32. R3b2 Rxd3 33. Na6 Rc8
34. Nxb4 Rdc3 35. Nd5 Rd3 36. Nb6 Rc2 37. Nxa4 Rdxd2 38. Rxc2 Rxc2 39. Nb6 Ne7
40. Rd1 Rc6 41. Nd5 Nxd5 42. Rxd5 f5 43. Kg3 Kf6 44. Kf2 Ke6 45. Rd2 Rc4 46.
Ke3 h5 47. Ra2 Rb4 48. Rd2 Rb3+ 49. Kf2 h4 50. Ke2 Rb4 51. Ke3 Ra4 52. Rb2 Rd4
53. Rb8 Kf6 54. Ra8 Kg5 55. f4+ Kf6 56. fxe5+ dxe5 57. exf5 gxf5 58. Rf8+ Kg6
59. Rg8+ Kf7 60. Rh8 Ra4 61. Rh6 Ra2 62. Rxh4 Rxg2 63. Kf3 Ra2 64. Rh6 Ra4 65.
Kg2 f4 66. h4 e4 67. Rb6 Ra2+ 68. Kf1 e3 69. Rb4 Rf2+ 70. Ke1 Kg6 71. Rb5 Rh2
72. Rg5+ Kf6 73. Rg4 Kf5 74. Rg5+ Ke4 75. Rg4 Kf3 76. Rg1 Rc2 77. Rf1+ Ke4 78.
h5 f3 0-1

[Event "Monarch Assurance Isle of Man 16th"]
[Site "Port Erin"]
[Date "2007.09.25"]
[Round "4.40"]
[White "Fox, Anthony"]
[Black "Spanton, Tim"]
[Result "1-0"]
[WhiteElo "2084"]
[BlackElo "1982"]
[PlyCount "91"]
[EventDate "2007.09.22"]
[EventType "swiss"]
[EventRounds "9"]
[EventCountry "IOM"]

1. e4 c5 2. Nc3 Nc6 3. g3 g6 4. Bg2 Bg7 5. d3 Rb8 6. Be3 d6 7. Qd2 b5 8. Nge2
Nd4 9. f4 b4 10. Nd1 Bg4 11. Ng1 Bd7 12. c3 bxc3 13. bxc3 Nc6 14. Ne2 e6 15.
O-O Nge7 16. g4 f5 17. gxf5 exf5 18. e5 dxe5 19. Bxc5 O-O 20. Ne3 Qa5 21. Bd6
exf4 22. Nc4 Qd8 23. Bxb8 Qxb8 24. Rab1 Qc7 25. Qxf4 Rc8 26. Qxc7 Rxc7 27. Nf4
Bxc3 28. Nd5 Bd4+ 29. Kh1 Nxd5 30. Bxd5+ Kg7 31. Rfe1 f4 32. Be6 f3 33. Bxd7
Rxd7 34. Re6 Nd8 35. Rd6 Rxd6 36. Nxd6 Kf6 37. Ne4+ Kf5 38. Rf1 Kf4 39. Nd2 f2
40. Kg2 Ke3 41. Nf3 Bb6 42. Rxf2 Kxd3 43. Rd2+ Kc3 44. Rd7 h6 45. Ne5 Kb2 46.
Nc4+ 1-0

[Event "Monarch Assurance Isle of Man 16th"]
[Site "Port Erin"]
[Date "2007.09.25"]
[Round "4.41"]
[White "Collier, David"]
[Black "Hutchinson, Norman A"]
[Result "1-0"]
[WhiteElo "2131"]
[BlackElo "2079"]
[PlyCount "71"]
[EventDate "2007.09.22"]
[EventType "swiss"]
[EventRounds "9"]
[EventCountry "IOM"]

1. d4 Nf6 2. c4 e6 3. Nc3 Bb4 4. Qc2 O-O 5. Bg5 c5 6. a3 Bxc3+ 7. bxc3 d6 8. e4
Nbd7 9. Bd3 h6 10. Bd2 e5 11. d5 Nb6 12. Ne2 Bd7 13. Ng3 Ba4 14. Qb2 Kh7 15.
Rb1 Ng8 16. O-O Ne7 17. f4 f6 18. f5 Qe8 19. Qc1 Rb8 20. Qe1 Rg8 21. Be2 g5 22.
fxg6+ Qxg6 23. Bh5 Qg7 24. Qe2 Rbf8 25. Rf3 Bc2 26. Rbf1 Bb3 27. R1f2 Bxc4 28.
Qd1 Nbxd5 29. Nf5 Nxf5 30. exf5 Ne7 31. Rg3 Qh8 32. Rh3 Bd5 33. Bxh6 Bxg2 34.
Bg6+ Nxg6 35. Rxg2 Nf4 36. Bxf4# 1-0

[Event "Monarch Assurance Isle of Man 16th"]
[Site "Port Erin"]
[Date "2007.09.25"]
[Round "4.43"]
[White "Cafolla, Peter"]
[Black "Johnson, Paul A"]
[Result "1/2-1/2"]
[WhiteElo "2034"]
[BlackElo "1820"]
[PlyCount "67"]
[EventDate "2007.09.22"]
[EventType "swiss"]
[EventRounds "9"]
[EventCountry "IOM"]

1. d4 Nf6 2. c4 e6 3. Nc3 d5 4. Bg5 Be7 5. e3 O-O 6. Nf3 h6 7. Bxf6 Bxf6 8. Qc2
c6 9. e4 dxe4 10. Qxe4 g6 11. h4 Qb6 12. O-O-O Bg7 13. g4 Nd7 14. g5 h5 15. Qe3
e5 16. Ne2 exd4 17. Nexd4 Nc5 18. Ne5 Re8 19. f4 Bg4 20. Be2 Bxe2 21. Qxe2 Rad8
22. Ndf3 Qa5 23. Kb1 Qb4 24. Qc2 a5 25. a3 Qb3 26. Qxb3 Nxb3 27. Kc2 a4 28.
Rxd8 Rxd8 29. Rd1 Rxd1 30. Kxd1 f6 31. gxf6 Bxf6 32. Ke2 Kg7 33. Ke3 Nc5 34.
Ng5 1/2-1/2

[Event "Monarch Assurance Isle of Man 16th"]
[Site "Port Erin"]
[Date "2007.09.26"]
[Round "5.3"]
[White "Kuzubov, Yuriy"]
[Black "Gurevich, Mikhail"]
[Result "1-0"]
[WhiteElo "2568"]
[BlackElo "2633"]
[PlyCount "55"]
[EventDate "2007.09.22"]
[EventType "swiss"]
[EventRounds "9"]
[EventCountry "IOM"]

1. d4 d5 2. c4 c6 3. Nf3 Nf6 4. e3 Bg4 5. Nc3 e6 6. h3 Bxf3 7. Qxf3 Nbd7 8. Bd2
Bd6 9. O-O-O O-O 10. Kb1 a6 11. g4 b5 12. g5 Ne8 13. c5 Be7 14. h4 e5 15. Bh3
Nc7 16. Qg3 f5 17. gxf6 Bxf6 18. Bxd7 Qxd7 19. dxe5 Be7 20. e4 Bxc5 21. f4 Qf7
22. f5 Qh5 23. e6 Ne8 24. Qg5 Qxg5 25. hxg5 dxe4 26. f6 gxf6 27. Nxe4 Be7 28.
gxf6 1-0

[Event "Monarch Assurance Isle of Man 16th"]
[Site "Port Erin"]
[Date "2007.09.26"]
[Round "5.5"]
[White "Svetushkin, Dmitry"]
[Black "Drozdovskij, Yuri"]
[Result "0-1"]
[WhiteElo "2618"]
[BlackElo "2567"]
[PlyCount "177"]
[EventDate "2007.09.22"]
[EventType "swiss"]
[EventRounds "9"]
[EventCountry "IOM"]

1. e4 e6 2. d4 d5 3. Nc3 dxe4 4. Nxe4 Nd7 5. Nf3 Ngf6 6. Nxf6+ Nxf6 7. c3 c5 8.
Be3 Qc7 9. Bb5+ Bd7 10. Bxd7+ Nxd7 11. d5 e5 12. Qc2 Bd6 13. Nd2 O-O 14. Ne4 c4
15. Rd1 Rfd8 16. O-O Nc5 17. Bxc5 Bxc5 18. Qe2 Bf8 19. Rd2 Rac8 20. Rfd1 Qd7
21. d6 Qe6 22. Rd5 f6 23. b3 cxb3 24. axb3 b6 25. c4 a5 26. c5 bxc5 27. Nxc5
Qf5 28. h3 Rb8 29. Qa6 Qc8 30. Qxa5 Qc6 31. b4 Ra8 32. Qc7 Rxd6 33. Qxc6 Rxc6
34. Rc1 Rb8 35. Ra1 Rd6 36. Rxd6 Bxd6 37. Ra7 Bxc5 38. bxc5 Rc8 39. Ra5 Kf7 40.
Kf1 Rc7 41. Ke2 Ke6 42. Ke3 Kd5 43. f4 Rxc5 44. Ra7 Rc3+ 45. Kf2 Rc2+ 46. Kf1
e4 47. Rxg7 Kd4 48. Rg3 e3 49. Rg7 Rf2+ 50. Ke1 Ke4 51. Re7+ Kxf4 52. Rf7 f5
53. Rg7 h5 54. h4 Ke5 55. Rg8 f4 56. Rg7 Ra2 57. Rg8 Ra1+ 58. Ke2 Rh1 59. Kf3
Rxh4 60. Re8+ Kd4 61. g3 fxg3 62. Rxe3 Rh3 63. Re4+ Kd3 64. Re8 h4 65. Rd8+ Kc2
66. Kg2 Rh2+ 67. Kg1 Rf2 68. Rh8 Rf4 69. Kg2 Kd3 70. Rd8+ Ke3 71. Re8+ Re4 72.
Rh8 Ra4 73. Kh3 Kf2 74. Rf8+ Ke2 75. Re8+ Kf3 76. Rg8 Ra1 77. Rf8+ Ke4 78. Re8+
Kf5 79. Rf8+ Ke6 80. Rf4 Rh1+ 81. Kg2 Rh2+ 82. Kg1 Ke5 83. Rf8 Ra2 84. Rf3 Ke4
85. Rf8 h3 86. Re8+ Kf5 87. Rf8+ Ke5 88. Re8+ Kf6 89. Re1 0-1

[Event "Monarch Assurance Isle of Man 16th"]
[Site "Port Erin"]
[Date "2007.09.26"]
[Round "5.8"]
[White "Yakovich, Yuri"]
[Black "Abergel, Thal"]
[Result "1-0"]
[WhiteElo "2597"]
[BlackElo "2512"]
[PlyCount "63"]
[EventDate "2007.09.22"]
[EventType "swiss"]
[EventRounds "9"]
[EventCountry "IOM"]

1. e4 e6 2. d4 d5 3. exd5 exd5 4. Nf3 Nf6 5. Bg5 Be7 6. Bd3 Nbd7 7. O-O O-O 8.
Nbd2 Re8 9. c3 h6 10. Bf4 Bd6 11. Bxd6 cxd6 12. Re1 Nf8 13. Rxe8 Qxe8 14. Qb3
Ne6 15. Re1 Qd8 16. g3 b6 17. Nf1 Ng5 18. Nxg5 hxg5 19. Ne3 Be6 20. Bf1 a5 21.
a4 Ra7 22. Bg2 Re7 23. Rf1 Ne4 24. Nxd5 Nd2 25. Nxe7+ Qxe7 26. Qxb6 Bc4 27. Ra1
Nb3 28. Qc6 d5 29. Rd1 Qe2 30. Qc8+ Kh7 31. Qf5+ Kg8 32. Bf3 1-0

[Event "Monarch Assurance Isle of Man 16th"]
[Site "Port Erin"]
[Date "2007.09.26"]
[Round "5.9"]
[White "Hebden, Mark"]
[Black "Malakhatko, Vadim"]
[Result "1/2-1/2"]
[WhiteElo "2540"]
[BlackElo "2596"]
[PlyCount "103"]
[EventDate "2007.09.22"]
[EventType "swiss"]
[EventRounds "9"]
[EventCountry "IOM"]

1. d4 d5 2. Nf3 c6 3. c4 Nf6 4. e3 a6 5. Bd2 e6 6. Nc3 dxc4 7. Bxc4 b5 8. Bd3
c5 9. Qe2 Bb7 10. dxc5 Nc6 11. Rc1 Bxc5 12. Nxb5 axb5 13. Rxc5 Rxa2 14. Bxb5
O-O 15. O-O Na7 16. Bd3 Rxb2 17. Ba5 Rxe2 18. Bxd8 Rb2 19. Ba5 Be4 20. Ba6 Nc6
21. Bc3 Rb6 22. Be2 Bd5 23. Nd2 Nd7 24. Rb5 Rxb5 25. Bxb5 Rb8 26. Be2 Nc5 27.
f3 f5 28. Rc1 Nb3 29. Nxb3 Rxb3 30. e4 fxe4 31. fxe4 Bxe4 32. Bc4 Rb1 33. Bxe6+
Kh8 34. Rxb1 Bxb1 35. Kf2 h6 36. Ke3 Kh7 37. h4 Ne7 38. g4 Ng6 39. Be1 Nf8 40.
Bd5 Nd7 41. Be6 Nf6 42. Bc3 Kh8 43. Kd4 Bc2 44. Ke5 Bd1 45. g5 hxg5 46. hxg5
Nh7 47. Bd2 Bh5 48. Kd6 Nf8 49. Bb3 Kh7 50. Ke7 Ng6+ 51. Kd8 Nh8 52. Ke7
1/2-1/2

[Event "Monarch Assurance Isle of Man 16th"]
[Site "Port Erin"]
[Date "2007.09.26"]
[Round "5.10"]
[White "Iordachescu, Viorel"]
[Black "Kunin, Vitaly"]
[Result "1/2-1/2"]
[WhiteElo "2584"]
[BlackElo "2507"]
[PlyCount "94"]
[EventDate "2007.09.22"]
[EventType "swiss"]
[EventRounds "9"]
[EventCountry "IOM"]

1. c4 b6 2. d4 Bb7 3. Nf3 e6 4. g3 Bb4+ 5. Bd2 a5 6. Bg2 Nf6 7. O-O O-O 8. Bg5
Be7 9. Qc2 Be4 10. Qd2 Bb7 11. Nc3 Ne4 12. Nxe4 Bxe4 13. d5 Na6 14. Rad1 Bxg5
15. Nxg5 Bxg2 16. Kxg2 Nc5 17. Nf3 d6 18. Qc2 e5 19. b3 f5 20. a3 Qf6 21. b4
axb4 22. axb4 Nd7 23. Qc3 f4 24. Nd2 Qf5 25. f3 Ra2 26. Rf2 Rfa8 27. Ne4 Nf6
28. Nxf6+ gxf6 29. Rd3 e4 30. fxe4 Qxe4+ 31. Kh3 Rxe2 32. Rxe2 Qxe2 33. Rf3 Re8
34. Rxf4 Re5 35. Qf3 Rh5+ 36. Kg4 Rg5+ 37. Kh3 Rh5+ 38. Kg4 Qxh2 39. Rxf6 Qh3+
40. Kf4 Re5 41. Qg4+ Qxg4+ 42. Kxg4 b5 43. Rf4 bxc4 44. Rxc4 Rxd5 45. Rxc7 Rd4+
46. Kg5 Rxb4 47. Rd7 Rb6 1/2-1/2

[Event "Monarch Assurance Isle of Man 16th"]
[Site "Port Erin"]
[Date "2007.09.26"]
[Round "5.11"]
[White "Horner, Jeff"]
[Black "Krasenkow, Michal"]
[Result "1/2-1/2"]
[WhiteElo "2344"]
[BlackElo "2660"]
[PlyCount "128"]
[EventDate "2007.09.22"]
[EventType "swiss"]
[EventRounds "9"]
[EventCountry "IOM"]

1. e4 g6 2. d4 Bg7 3. Nf3 d6 4. c3 Nd7 5. Be2 e6 6. O-O Ngf6 7. Nbd2 b6 8. Re1
Bb7 9. Bd3 O-O 10. Nf1 c5 11. Ng3 Qc7 12. h3 a6 13. Be3 b5 14. Qd2 Rfe8 15. Bh6
Bh8 16. Rac1 Rad8 17. Qe2 Qb8 18. Bb1 Bc6 19. Red1 a5 20. Bf4 e5 21. dxe5 dxe5
22. Bg5 Nf8 23. Rxd8 Qxd8 24. Be3 N6d7 25. Rd1 Ne6 26. Qd2 Bf6 27. Ne2 Be7 28.
Nh2 Qc7 29. Ng4 h5 30. Nh6+ Kg7 31. g4 Nf6 32. Ng3 Rd8 33. Qc1 Nf4 34. Rxd8
Bxd8 35. g5 Nh7 36. h4 Bxg5 37. hxg5 Nxg5 38. Nhf5+ gxf5 39. Nxf5+ Kf6 40. Bxf4
exf4 41. Qd1 Bxe4 42. Nd6 Bc6 43. Qxh5 Qxd6 44. Qh6+ Ke7 45. Qxg5+ Kd7 46. Kh2
Kc7 47. Kh3 Kb6 48. Bf5 f6 49. Qg8 Bd5 50. Qc8 Bxa2 51. Bd7 Ka7 52. Kh4 b4 53.
Bc6 Qe7 54. cxb4 cxb4 55. Qf5 Qe5 56. Qd7+ Kb6 57. Bf3 Qe6 58. Qb7+ Kc5 59.
Qc7+ Kb5 60. Qb7+ Kc4 61. Qc7+ Kd3 62. Qxa5 Qe1 63. Qf5+ Kd2 64. Qc5 Kd3
1/2-1/2

[Event "Monarch Assurance Isle of Man 16th"]
[Site "Port Erin"]
[Date "2007.09.26"]
[Round "5.12"]
[White "Areshchenko, Alexander"]
[Black "Smerdon, David"]
[Result "1/2-1/2"]
[WhiteElo "2645"]
[BlackElo "2461"]
[PlyCount "122"]
[EventDate "2007.09.22"]
[EventType "swiss"]
[EventRounds "9"]
[EventCountry "IOM"]

1. e4 e6 2. d4 d5 3. Nc3 Nf6 4. Bg5 Bb4 5. e5 h6 6. Be3 Ne4 7. Qg4 g5 8. a3 h5
9. Qf3 Bxc3+ 10. bxc3 c5 11. Bd3 Nxc3 12. dxc5 d4 13. Bd2 Nc6 14. Qf6 Qxf6 15.
exf6 Na4 16. Bxg5 Nxc5 17. Nf3 Nxd3+ 18. cxd3 b6 {(=)} 19. Rc1 Bb7 20. Kd2 Rd8
21. Rc2 Rd5 22. Rhc1 Kd7 23. Bf4 Rc8 24. Bg3 Ra5 25. h4 e5 26. Ng5 Nd8 27. Rxc8
Bxc8 28. Re1 Kd6 29. f4 Be6 30. fxe5+ Kd5 31. Ra1 Nb7 32. Nxe6 Kxe6 33. Bf2 Nc5
34. Kc2 Kxe5 35. Re1+ Kd5 36. Re8 Rxa3 37. Rd8+ Ke6 38. Bxd4 Nxd3 39. Re8+ Kd5
40. Bc3 Nc5 41. Re7 Kc4 42. Bd2 Ra2+ 43. Kd1 Kd3 44. Re3+ Kd4 45. Re7 Kd3 46.
Re3+ Kd4 47. Re7 Ne4 48. Bg5 Nf2+ 49. Ke1 Nd3+ 50. Kf1 Ra1+ 51. Ke2 Ra2+ 52.
Kf1 Ne5 53. Bf4 Ra1+ 54. Ke2 Ra2+ 55. Kf1 Ng4 56. Bg5 Ra1+ 57. Ke2 Ra2+ 58. Kf1
a5 59. Rxf7 Rf2+ 60. Ke1 Rf5 61. Rf8 Ne5 1/2-1/2

[Event "Monarch Assurance Isle of Man 16th"]
[Site "Port Erin"]
[Date "2007.09.26"]
[Round "5.13"]
[White "Kobalia, Mikhail"]
[Black "Heberla, Bartlomiej"]
[Result "1-0"]
[WhiteElo "2634"]
[BlackElo "2484"]
[PlyCount "97"]
[EventDate "2007.09.22"]
[EventType "swiss"]
[EventRounds "9"]
[EventCountry "IOM"]

1. e4 e6 2. d4 d5 3. Nc3 Nf6 4. Bg5 h6 5. Bxf6 Qxf6 6. exd5 Bb4 7. Bb5+ c6 8.
dxc6 bxc6 9. Be2 O-O 10. Nf3 Rd8 11. O-O c5 12. Ne4 Qf4 13. a3 Qxe4 14. axb4
cxb4 15. Nd2 Qb7 16. Bf3 Nc6 17. c3 bxc3 18. bxc3 Qc7 19. Ra3 Bb7 20. Qa1 Rac8
21. Rb1 Ba8 22. Ne4 Qf4 23. Ng3 Rd7 24. Ra4 Qc7 25. Rb5 Ne7 26. Bxa8 Rxa8 27.
Rc5 Qd8 28. Rca5 Nd5 29. Ne4 Qh4 30. Nc5 Rc7 31. Qe1 Qg4 32. h3 Qg6 33. Qe5
Rcc8 34. Ra3 Qb1+ 35. Kh2 Qc2 36. Nxe6 fxe6 37. Qxe6+ Kh8 38. Qxd5 Qxf2 39. Qe5
Re8 40. Qg3 Qf7 41. d5 Re2 42. c4 Rc2 43. Rf3 Qb7 44. Rb5 Qa6 45. Rf7 Qa1 46.
Rb8+ Rxb8 47. Qxb8+ Kh7 48. Qf4 Qa6 49. d6 1-0

[Event "Monarch Assurance Isle of Man 16th"]
[Site "Port Erin"]
[Date "2007.09.26"]
[Round "5.14"]
[White "Klinova, Masha"]
[Black "Spraggett, Kevin"]
[Result "1/2-1/2"]
[WhiteElo "2326"]
[BlackElo "2585"]
[PlyCount "85"]
[EventDate "2007.09.22"]
[EventType "swiss"]
[EventRounds "9"]
[EventCountry "IOM"]

1. e4 c5 2. Nf3 g6 3. Nc3 Bg7 4. g3 Nc6 5. Bg2 e5 6. O-O Nge7 7. d3 d6 8. Be3
O-O 9. Nd2 Rb8 10. a4 a6 11. Nd5 b5 12. axb5 axb5 13. c3 Nxd5 14. exd5 Ne7 15.
b4 cxb4 16. cxb4 Nf5 17. Kh1 Nxe3 18. fxe3 h5 19. Nf3 Qb6 20. e4 Bh6 21. d4 Re8
22. Ra2 Bg4 23. Qd3 Rbc8 24. h3 Bd7 25. Rfa1 Rc4 26. Ra6 Qc7 27. dxe5 dxe5 28.
d6 Qc8 29. Ra8 Qxa8 30. Rxa8 Rxa8 31. Nxe5 Rc1+ 32. Kh2 Be6 33. Nxg6 Bc4 34.
Ne7+ Kf8 35. Qd4 Bg7 36. e5 Rc2 37. d7 Kxe7 38. Qd6+ Kd8 39. Qb6+ Kxd7 40. Qc6+
Ke7 41. Qd6+ Ke8 42. Qc6+ Ke7 43. Qd6+ 1/2-1/2

[Event "Monarch Assurance Isle of Man 16th"]
[Site "Port Erin"]
[Date "2007.09.26"]
[Round "5.16"]
[White "Cox, John J"]
[Black "Welling, Gerard"]
[Result "0-1"]
[WhiteElo "2381"]
[BlackElo "2364"]
[PlyCount "64"]
[EventDate "2007.09.22"]
[EventType "swiss"]
[EventRounds "9"]
[EventCountry "IOM"]

1. d4 Nf6 2. c4 g6 3. Nc3 Bg7 4. e4 O-O 5. Nf3 c6 6. Be2 d5 7. cxd5 cxd5 8. e5
Ne4 9. Nxe4 dxe4 10. Ng5 Nc6 11. Be3 Qa5+ 12. Kf1 h6 13. Nxe4 Rd8 14. f4 Nxd4
15. Bxd4 Qb4 16. Qb3 Qxb3 17. axb3 Rxd4 18. Bf3 Bf5 19. Ra4 Rad8 20. Kf2 g5 21.
fxg5 hxg5 22. Nxg5 Rd2+ 23. Be2 Rxb2 24. Nf3 a6 25. Rb4 b5 26. Ra1 Bd3 27. Re1
a5 28. Rg4 e6 29. Nd4 Rd5 30. Kf3 Rxe5 31. Bxd3 Rxe1 32. Bxb5 Rd1 0-1

[Event "Monarch Assurance Isle of Man 16th"]
[Site "Port Erin"]
[Date "2007.09.26"]
[Round "5.17"]
[White "Zozulia, Anna"]
[Black "Pavlovic, Milos"]
[Result "0-1"]
[WhiteElo "2332"]
[BlackElo "2541"]
[PlyCount "80"]
[EventDate "2007.09.22"]
[EventType "swiss"]
[EventRounds "9"]
[EventCountry "IOM"]

1. e4 e5 2. Nf3 Nc6 3. Bb5 a6 4. Ba4 Nf6 5. O-O b5 6. Bb3 Bc5 7. d3 d6 8. c3
O-O 9. Be3 Bxe3 10. fxe3 Na5 11. Bc2 c5 12. Nbd2 Nc6 13. Kh1 Ne7 14. Qe2 Ng6
15. a4 Be6 16. d4 c4 17. d5 Bd7 18. b3 cxb3 19. Bxb3 Qc7 20. Rfc1 Rfb8 21. c4
bxa4 22. Bxa4 Bxa4 23. Rxa4 Nd7 24. Ne1 Nc5 25. Ra2 Nf8 26. Rca1 Nfd7 27. Nd3
Rb7 28. h3 Qd8 29. Kh2 h6 30. Nf3 a5 31. Qc2 Nxd3 32. Qxd3 Nc5 33. Qc2 a4 34.
Ne1 Rb3 35. Rxa4 Rxa4 36. Rxa4 Rxe3 37. Ra7 Qh4 38. Nf3 Qf4+ 39. Kg1 Nxe4 40.
Qb2 Rc3 0-1

[Event "Monarch Assurance Isle of Man 16th"]
[Site "Port Erin"]
[Date "2007.09.26"]
[Round "5.18"]
[White "Adly, Ahmed"]
[Black "Prosviriakov, Vladimir"]
[Result "1-0"]
[WhiteElo "2488"]
[BlackElo "2319"]
[PlyCount "111"]
[EventDate "2007.09.22"]
[EventType "swiss"]
[EventRounds "9"]
[EventCountry "IOM"]

1. d4 Nf6 2. Nf3 e6 3. e3 b6 4. b3 Bb7 5. Bd3 d5 6. O-O Nbd7 7. Nbd2 Ne4 8. Ne5
Nxe5 9. dxe5 Nc5 10. Bb5+ c6 11. Be2 Qc7 12. Bb2 Be7 13. c4 O-O 14. cxd5 exd5
15. Rc1 Rad8 16. Qc2 a5 17. Nf3 Ne6 18. Bd3 g6 19. Nd4 Nxd4 20. exd4 Qd7 21.
Qe2 Qe6 22. Rc3 c5 23. Rfc1 f6 24. dxc5 Bxc5 25. exf6 Qxe2 26. Bxe2 Bd4 27. Rc7
Bxb2 28. Rg7+ Kh8 29. Rcc7 Bxf6 30. Rxh7+ Kg8 31. Rxb7 Rfe8 32. Kf1 Rc8 33.
Rhc7 Rxc7 34. Rxc7 Rf8 35. Bf3 d4 36. Rc6 Kg7 37. Rxb6 Rd8 38. Rb7+ Kh6 39. Rf7
Be5 40. h4 d3 41. g4 Bg7 42. Ke1 Kh7 43. Kd2 Kg8 44. Rb7 Bf8 45. Be4 Bb4+ 46.
Rxb4 axb4 47. Bxg6 Ra8 48. Bxd3 Rxa2+ 49. Ke3 Rb2 50. Bc4+ Kh8 51. g5 Rc2 52.
h5 Kg7 53. h6+ Kh8 54. g6 Rc3+ 55. Kd4 Rd3+ 56. Bxd3 1-0